000
00256nam a2200097Ia 4500
082
_a
306. 0968 GELD
245
0
_a
Social institutions
100
_a
GELDERBLOM, Derik Oxford, 2003
_9
84701
942
_c
BK
008
210817s9999 xx 000 0 und d
999
_c
311600
_d
311599